000 00237nam a2200097Ia 4500
008 220217s9999||||xx |||||||||||||| ||und||
100 _aSinha, S.N
245 0 _aReinforced concrete design
260 _aTata mc graw hill
300 _b750
999 _c187156
_d187156